Central Library OPAC University of Rajshahi

Emergence of Bangladesh and role of Awami League / (Record no. 26725)

MARC details
000 -LEADER
fixed length control field 00792nam a2200265 a 4500
001 - CONTROL NUMBER
control field 26725
003 - CONTROL NUMBER IDENTIFIER
rucl marc code BD-RjUL
005 - DATE AND TIME OF LATEST TRANSACTION
control field 20211209051046.0
008 - FIXED-LENGTH DATA ELEMENTS--GENERAL INFORMATION
fixed length control field 140323s1982 ii b 001 0 eng
020 ## - INTERNATIONAL STANDARD BOOK NUMBER
International Standard Book Number 0706917731 :
035 ## - SYSTEM CONTROL NUMBER
System control number (BD-RjUL)26796
040 ## - CATALOGING SOURCE
Original cataloging agency DLC
Transcribing agency DLC
Modifying agency DLC
-- BD-RjUL
Language of cataloging eng
041 ## - LANGUAGE CODE
Language code of text/sound track or separate title eng
082 00 - DEWEY DECIMAL CLASSIFICATION NUMBER
Classification number 954.92
Edition number 19
Author mark and year BHE 1982
100 1# - MAIN ENTRY--PERSONAL NAME
Personal name Bhuiyan, Md. Abdul Wadud.
9 (RLIN) 82119
245 10 - TITLE STATEMENT
Title Emergence of Bangladesh and role of Awami League /
Statement of responsibility, etc. Md. Abdul Wadud Bhuiyan.
260 ## - PUBLICATION, DISTRIBUTION, ETC. (IMPRINT)
Place of publication, distribution, etc. New Delhi :
Name of publisher, distributor, etc. Vikas,
Date of publication, distribution, etc. c1982.
300 ## - PHYSICAL DESCRIPTION
Pagination vi, 288 p. ;
Size 23 cm.
504 ## - BIBLIOGRAPHY, ETC. NOTE
Bibliography, etc Bibliography: p. [272]-282. and index.
651 #0 - SUBJECT ADDED ENTRY--GEOGRAPHIC NAME
Geographic name Bangladesh
General subdivision Politics and government.
9 (RLIN) 82120
710 2# - ADDED ENTRY--CORPORATE NAME
Corporate name or jurisdiction name as entry element Awami League.
9 (RLIN) 82121
942 ## - ADDED ENTRY ELEMENTS (KOHA)
Source of classification or shelving scheme Dewey Decimal Classification
Koha item type Books
Holdings
Lost status Source of classification or shelving scheme Damaged status Not for loan Collection code Permanent Location Current Location Shelving location Date acquired Source of acquisition Cost, normal purchase price Total Checkouts Full call number Date last seen Copy number Koha item type Date checked out
  Dewey Decimal Classification   Added to bundle Non-fiction Central Library, University of Rajshahi Central Library, University of Rajshahi Reading Room 02/05/1983 Knowledge view 150.00   954.92 BHE 1982 23/03/2014 C-1 Books  
  Dewey Decimal Classification     Non-fiction Central Library, University of Rajshahi Central Library, University of Rajshahi   02/05/1983 Knowledge view 150.00 2 954.92 BHE 1982 25/03/2026 C-3 Books 08/01/2026
  Dewey Decimal Classification     Non-fiction Central Library, University of Rajshahi Central Library, University of Rajshahi   02/05/1983 Knowledge view 150.00   954.92 BHE 1982 23/03/2014 C-4 Books  
  Dewey Decimal Classification     Non-fiction Central Library, University of Rajshahi Central Library, University of Rajshahi   02/05/1983 Knowledge view 150.00   954.92 BHE 1982 23/03/2014 C-5 Books